DirectX Complete (Record no. 11158)

000 -LEADER
fixed length control field 00460 a2200169 4500
020 ## - INTERNATIONAL STANDARD BOOK NUMBER
International Standard Book Number 0079137806
082 ## - DEWEY DECIMAL CLASSIFICATION NUMBER
Classification number 006.7768
090 ## - LOCALLY ASSIGNED LC-TYPE CALL NUMBER (OCLC); LOCAL CALL NUMBER (RLIN)
-- 7355
-- 7355
100 ## - MAIN ENTRY--PERSONAL NAME
Personal name Root, Michael D.
110 ## - MAIN ENTRY--CORPORATE NAME
Corporate name or jurisdiction name as entry element Boer, James R.
245 ## - TITLE STATEMENT
Title DirectX Complete
Statement of responsibility, etc. Root, Michael D.
260 ## - PUBLICATION, DISTRIBUTION, ETC.
Place of publication, distribution, etc. USA
Name of publisher, distributor, etc. The McGraw-Hill
Date of publication, distribution, etc. 1999
300 ## - PHYSICAL DESCRIPTION
Extent xvi, 635 p. ;
Other physical details ill. ;
Dimensions 25 cm.
Accompanying material CD-ROM
500 ## - GENERAL NOTE
General note Includes index
650 ## - SUBJECT ADDED ENTRY--TOPICAL TERM
Topical term or geographic name entry element 1. Multimedia systems. 2. DirectX.
942 ## - ADDED ENTRY ELEMENTS (KOHA)
Koha item type Book
Call number prefix 006.7768 ROO
Holdings
Withdrawn status Lost status Damaged status Not for loan Permanent Location Current Location Shelving location Date acquired Total Checkouts Total Renewals Full call number Barcode Date last seen Date last checked out Price effective from Koha item type
        Central Library (CL) Central Library (CL) First Floor - Machine Learning/Computer Graphics 11/20/2020 1 1 006.7768 ROO SEECSD00585 06/26/2021 11/20/2020 11/14/2012 Book
© 2023 Central Library, National University of Sciences and Technology. All Rights Reserved.